LEADER 01081nam a2200277 a 4500 001 000000134341 003 CaOOAMICUS 005 20130612103648.0 008 130612s1998 it u000 u ita r 020 $a88-317-7080-2 040 $aPUL$bita 100 1 $aPolacco, Fabrizio.$0(OLS)http://pul/name/86549 245 13$aLa cultura a picco :$bil nuovo e l'antico nella scuola /$cFabrizio Polacco. 260 $aVenezia :$bMarsilio,$cİ1998. 300 $a139 p. ;$c21 cm. 490 1 $aI Grilli Marsilio 650 4$aScuola$zItalia.$0(OLS)http://pul/subject/9153 830 2$aI Grilli Marsilio.$0(OLS)http://pul/title/15426 850 $aPUL 852 $aPUL$W1$xDP1 Fondo E. Rossi$y115$m1 P 33$j154462$qFondi$B154012$CPULBib$Z2$F154012 $82 941 1 $a1 961 $aSul dorso collocazione ms. di E. Rossi: P 14 0 996 $6020$a88-317-7080-2$9(OLS)http://pul/number/153031 996 $6245$aLa cultura a picco :$bil nuovo e l'antico nella scuola$9(OLS)http://pul/title/169877 996 $6260$aVenezia :$bMarsilio$9(OLS)http://pul/publisher/52932 LEADER 01361nam a2200301 u 4500 001 000000074305 003 CaOOAMICUS 005 20070226122439.0 008 021204s1987 gw u000 u eng u 020 $a3161450701 035 $a10947250 040 $aPUL$bita 100 1 $aMarshall, Peter.$0(OLS)http://pul/name/49285 245 10$aEnmity in Corinth :$bsocial conventions in Paul's relations with Corintnians /$cby Peter Marshall. 260 $aTübingen :$bMohr Siebeck,$c1987. 300 $axvi, 450 p. ;$c21 cm 490 1 $aWissenschaftliche Untersuchungen zum Neuen Testament.$aReihe 2 ;$v23 500 $aContiene indice analitico. 504 $aBibliografia in nota. 630 04$aBiblia.$pN.T.$pAd Corinthios$xCritica e interpretazione.$0(OLS)http://pul/subject/25980 830 0$aWissenschaftliche Untersuchungen zum Neuen Testament.$nReihe 2 ;$v23.$0(OLS)http://pul/title/264 850 $aPUL 852 $aPUL$W1$xSL Religione 1$y3$m16 I 23$j95864$nBK-PRI$b $qStampati$B95864$CPULBib$Z2$F95864 $H $81 941 1 $a8 961 $aINV: 89565 996 $6020$a3161450701$9(OLS)http://pul/number/96261 996 $6245$aEnmity in Corinth :$bsocial conventions in Paul's relations with Corintnians$9(OLS)http://pul/title/97595 996 $6260$aTübingen :$bMohr Siebeck$9(OLS)http://pul/publisher/52004